000 00791nam a2200265Ia 4500
003 OSt
005 20220928124318.0
006 a|||||r|||| 00| 0
007 ta
008 220927b |||||||| |||| 00| 0 eng d
020 _c5376.0690000000004
024 _a116016
037 _b31, 25/07/2012, Vardhman Books
_cTextual
040 _aSDCL
_cSDCL
_beng
041 _2eng
_aeng
082 _aX65:7, Q2
100 _aDamodaran Aswath
245 0 _aInvestment valuation
_b tools and techniques for determining the value of any asset.
250 _a3
260 _aHoboken
_bJohn Wiley
_c2012
300 _axv,974p
_ccm.
650 _aFinancial Studies
942 _hX65:7, Q2
_cTEXL
_2CC
999 _c777209
_d777209